Precisions on the Present State of Architecture and City Planning (Record no. 12674)

000 -LEADER
fixed length control field 00531 a2200169 4500
003 - CONTROL NUMBER IDENTIFIER
control field OSt
005 - DATE AND TIME OF LATEST TRANSACTION
control field 20240702170613.0
008 - FIXED-LENGTH DATA ELEMENTS--GENERAL INFORMATION
fixed length control field 240702b ||||| |||| 00| 0 eng d
020 ## - INTERNATIONAL STANDARD BOOK NUMBER
International Standard Book Number 9783906027654
082 ## - DEWEY DECIMAL CLASSIFICATION NUMBER
Classification number 724.6
Item number LeC
100 ## - MAIN ENTRY--PERSONAL NAME
Personal name Le Corbusier
245 ## - TITLE STATEMENT
Title Precisions on the Present State of Architecture and City Planning
260 ## - PUBLICATION, DISTRIBUTION, ETC. (IMPRINT)
Name of publisher, distributor, etc MIT Press
Date of publication, distribution, etc 2016
Place of publication, distribution, etc Massachusetts,Cambridge etc
300 ## - PHYSICAL DESCRIPTION
Extent xvi;266p.
650 ## - SUBJECT ADDED ENTRY--TOPICAL TERM
Source of heading or term Topical term or geographic name as entry element Netherlands--Delft
Topical term or geographic name as entry element City planning
942 ## - ADDED ENTRY ELEMENTS (KOHA)
Source of classification or shelving scheme
Holdings
Withdrawn status Lost status Source of classification or shelving scheme Damaged status Koha normalized classification for sorting Not for loan Permanent location Current location Date acquired Source of acquisition Cost, normal purchase price Full call number Barcode Date last seen Cost, replacement price Price effective from Koha item type
        724_600000000000000_LEC   BMS College of Architecture, Design and Planning BMS College of Architecture, Design and Planning 2024-07-02 1 2064.38 724.6 LEC AR-UG3861 2024-07-02 2752.50 2024-07-02 B.PLAN
Copyright © 2025, The Librarian, Library and Information Centre, BMSCA D&P, Bengaluru. All Rights Reserved
web counter

Powered by Koha